Suburban economic network (Record no. 31884)

MARC details
000 -LEADER
fixed length control field 00270nam a2200109Ia 4500
082 ## - DEWEY DECIMAL CLASSIFICATION NUMBER
Classification number 331.556
Item number ULL
245 #0 - TITLE STATEMENT
Title Suburban economic network
260 ## - PUBLICATION, DISTRIBUTION, ETC. (IMPRINT)
Place of publication New York
Name of publisher Praeger
Year of publication 1977
700 ## - ADDED ENTRY--PERSONAL NAME
Personal name ULLMANN, John E
942 ## - ADDED ENTRY ELEMENTS (KOHA)
Koha item type Books
Holdings
Withdrawn status Lost status Damaged status Not for loan Home library Current library Date acquired Full call number Accession Number Koha item type
        RRII Library RRII Library 16/12/2021 331.556 ULL 12420 Books